000 00470nam a2200181Ia 4500
003 GCL
008 140319s9999 xx 000 0 eng d
020 _a0720611229
040 _aGCL /
_cGCL
082 0 4 _a839.82
_bV I
100 1 _aVESAAS, TARJEI
245 1 0 _aTHE ICE PALACE /
_cVESAAS, TARJEI
260 _aانجلترا :
_bPETER OWEN ،
_c2002
300 _a16 CM ؛
_c176 P
650 0 4 _aNORWEGIAN LITERATURE
650 0 4 _aNORWEGIAN FICTION
942 _2ddc
_cBK
999 _c3043
_d3043